000 00606nam a2200229Ia 4500
003 OSt
005 20221006164411.0
006 a|||||r|||| 00| 0
007 ta
008 221006b |||||||| |||| 00| 0 eng d
024 _a701
037 _cTextual
040 _aFML
_cFML
_beng
041 _2eng
_aeng
082 _aX9(J3):(G:55), P8
100 _aFriedman Thomas L Au.
_9677372
245 0 _aHot, Hot and Crowded
260 _aU.
_bK. Penguin Books
_c2008
300 _a438
_ccm.
942 _hX9(J3):(G:55), P8
_cTEXL
_2CC
999 _c1117136
_d1117136